| 000 | 01682nam a2200253 a 4500 | ||
|---|---|---|---|
| 999 |
_c831 _d831 |
||
| 001 | 831 | ||
| 003 | BD-JhCC | ||
| 005 | 20171010164510.0 | ||
| 008 | 171010s2015 bg a|||| |||| 000 0 mul d | ||
| 020 | _a9789843392336 | ||
| 035 | _a(BD-JhCC) 831 | ||
| 040 |
_aBD-JhCC _dBD-JhCC |
||
| 041 | _aBengali and English | ||
| 082 |
_a322.5095492 _bBAN 2015 |
||
| 245 |
_aবাংলাদেশ সেনাবাহিনীর ইতিহাস / _cসম্পাদক : কাজী সাজ্জাদ আলী জহির. |
||
| 260 |
_aঢাকা : _bসেনাসদর, শিক্ষা পরিদপ্তর, _c২০১৫. |
||
| 300 |
_aVolume: 1-5 ; Various pages : _billus. ; _c25 cm. |
||
| 504 | _aIncludes Bibliography Reference | ||
| 505 | _aপ্রথম খন্ড : মুক্তিযুদ্ধ ও বাংলাদেশ সেনাবাহিনী, দ্বিতীয় খন্ড : সাংগঠনিক ক্রমবিকাশ: বিভিন্ন সদর দপ্তর ও প্রশিক্ষন প্রতিষ্ঠান, তৃতীয় খন্ড : সাংগঠনিক ক্রমবিকাশ: ফাইটিং ও সার্পোটিং আর্মস/ইউনিটসমুহ, চতুর্থ খন্ড : সহায়ক ইউনিট ও স্থাপনা এবং অস্ত্র-সরঞ্জাম, পঞ্চম খন্ড : আভিযানিক কর্মকান্ড. | ||
| 650 |
_aArmed Forces _xHistory. _zBangladesh |
||
| 700 | _aজহির, কাজী সাজ্জাদ আলী | ||
| 942 |
_2ddc _cREF |
||